«Зенит» Санкт-Петербург - Армагеддон - Statistics

General Stats
  • This quiz has been taken 14 times
  • The average score is 13 of 50
Answers on the Grid
Answers color-coded by a green-red scale on the quiz's grid according to % correct below.
Андрей Аршавин
Виктор Понедельник
Дмитрий Хохлов
Халк
Александр Кержаков
Николас Ломбертс
Анатолий Тимощук
Егор Титов
Аксель Витсель
Саломон Рондон
Владислав Радимов
Валерий Карпин
Данни
Сергей Игнашевич
Виктор Файзулин
Хорен Оганесян
Андрей Лунёв
Доменико Кришито
Леандро Паредес
Самюэль Это’о
Вячеслав Малафеев
Томаш Губочан
Фёдор Смолов
Александр Анюков
Дуглас Сантос
Мартин Шкртел
Давид Кипиани
Анатолий Бышовец
Рамаз Шенгелия
Фатих Текке
Юрий Лодыгин
Андреас Гранквист
Роман Павлюченко
Марат Измайлов
Вячеслав Караваев
Валентин Иванов
Виктор Колотов
Эсекьель Гарай
Александр Ерохин
Александр Мостовой
Радек Ширл
Александр Самедов
Владимир Быстров
Евгений Бушманов
Гильерме Маринато
Хави Гарсия
Георгий Ярцев
Сергей Овчинников
Олег Шатов
Ролан Гусев
Лев Бурчалкин
Магомед Оздоев
Денис Глушаков
Роман Березовский
Матео Кассьерра
Ари
Ярослав Ракицкий
Валерий Есипов
Юрий Жирков
Мубарак Буссуфа
Олег Саленко
Валерий Газзаев
Дмитрий Хлестов
Эдуард Стрельцов
Валерий Кечинов
Игорь Зазулин
Александр Алиев
Сергей Семак
Роман Широков
Валерий Воронин
Сергей Алейников
Игорь Денисов
Олег Блохин
Муртаз Хурцилава
Виктор Пасулько
Алексей Ионов
Руслан Нигматуллин
Данко Лазович
Василий Березуцкий
Никола Влашич
Вагнер Лав
Артём Дзюба
Павел Погребняк
Алексей Смертин
Сердар Азмун
Бруну Алвеш
Мауро Икарди
Дмитрий Сычёв
Константин Зырянов
Эммануэль Эменике
Игорь Смольников
Луиш Нету
Ян Дюрица
Владимир Кулик
Бибрас Натхо
Александр Кокорин
Бранислав Иванович
Дмитрий Лоськов
Роман Ерёменко
 
Answer Stats
Answer % Correct
Анатолий Тимощук
67%
Матео Кассьерра
67%
Александр Кержаков
56%
Сергей Семак
56%
Аксель Витсель
44%
Дуглас Сантос
44%
Ярослав Ракицкий
44%
Павел Погребняк
44%
Игорь Смольников
44%
Луиш Нету
44%
Андрей Аршавин
33%
Халк
33%
Саломон Рондон
33%
Владислав Радимов
33%
Вячеслав Караваев
33%
Александр Ерохин
33%
Роман Березовский
33%
Артём Дзюба
33%
Сердар Азмун
33%
Александр Кокорин
33%
Данни
22%
Леандро Паредес
22%
Вячеслав Малафеев
22%
Фатих Текке
22%
Юрий Лодыгин
22%
Эсекьель Гарай
22%
Радек Ширл
22%
Владимир Быстров
22%
Олег Шатов
22%
Магомед Оздоев
22%
Игорь Денисов
22%
Алексей Ионов
22%
Бруну Алвеш
22%
Константин Зырянов
22%
Николас Ломбертс
11%
Виктор Файзулин
11%
Андрей Лунёв
11%
Доменико Кришито
11%
Томаш Губочан
11%
Александр Анюков
11%
Мартин Шкртел
11%
Хави Гарсия
11%
Юрий Жирков
11%
Олег Саленко
11%
Игорь Зазулин
11%
Роман Широков
11%
Лев Бурчалкин
0%
Данко Лазович
0%
Владимир Кулик
0%
Бранислав Иванович
0%
No matching quizzes found
Score Distribution
Percent of People with Each Score
Percentile by Number Answered
Your Score History
You have not taken this quiz